<?xml version="1.0" encoding="UTF-8"?>
<record
    xmlns:xsi="http://www.w3.org/2001/XMLSchema-instance"
    xsi:schemaLocation="http://www.loc.gov/MARC21/slim http://www.loc.gov/standards/marcxml/schema/MARC21slim.xsd"
    xmlns="http://www.loc.gov/MARC21/slim">

  <leader>01271nam a22002897a 4500</leader>
  <controlfield tag="001">BRCA_9238</controlfield>
  <controlfield tag="003">FranzMayer</controlfield>
  <controlfield tag="005">20220930155354.0</controlfield>
  <controlfield tag="008">220930b        |||||||| |||| 00| 0 eng d</controlfield>
  <datafield tag="020" ind1=" " ind2=" ">
    <subfield code="a">9786072928749</subfield>
  </datafield>
  <datafield tag="040" ind1=" " ind2=" ">
    <subfield code="b">spa</subfield>
    <subfield code="c">MFM</subfield>
  </datafield>
  <datafield tag="041" ind1=" " ind2=" ">
    <subfield code="a">spa</subfield>
  </datafield>
  <datafield tag="050" ind1=" " ind2=" ">
    <subfield code="a">TR820.5</subfield>
    <subfield code="b">M33 2021</subfield>
  </datafield>
  <datafield tag="100" ind1=" " ind2=" ">
    <subfield code="a">Mac&#xED;as, Iv&#xE1;n</subfield>
    <subfield code="9">28578</subfield>
  </datafield>
  <datafield tag="245" ind1=" " ind2=" ">
    <subfield code="a">Huellas de la pandemia / </subfield>
    <subfield code="c">Iv&#xE1;n Mac&#xED;as</subfield>
  </datafield>
  <datafield tag="260" ind1=" " ind2=" ">
    <subfield code="a">M&#xE9;xico : </subfield>
    <subfield code="b">Offset Santiago, </subfield>
    <subfield code="c">2021</subfield>
  </datafield>
  <datafield tag="300" ind1=" " ind2=" ">
    <subfield code="a">190 pp. : </subfield>
    <subfield code="b">fot. ; </subfield>
    <subfield code="c">16.5 x 23 cm. </subfield>
  </datafield>
  <datafield tag="508" ind1=" " ind2=" ">
    <subfield code="a">Con el apoyo de SONY</subfield>
  </datafield>
  <datafield tag="508" ind1=" " ind2=" ">
    <subfield code="a">Servicios editoriales / Graciela S. Silva y Raquel S&#xE1;nchez</subfield>
  </datafield>
  <datafield tag="520" ind1=" " ind2=" ">
    <subfield code="a">El trabajo del fotoperiodista Iv&#xE1;n Mac&#xED;as no deja espacio a la mentira, a la especulaci&#xF3;n, ni a la grilla de ning&#xFA;n bando pol&#xED;tico, las fotograf&#xED;as que nos muestra en este documento de inmenso valor son las "Huellas" que ha dejado este 2020 en el epicentro de la tragedia, los hospitales. - Proporcionado por Javier Risco</subfield>
  </datafield>
  <datafield tag="600" ind1=" " ind2=" ">
    <subfield code="a">Mac&#xED;as, Iv&#xE1;n</subfield>
    <subfield code="x">Fot&#xF3;grafos</subfield>
    <subfield code="z">M&#xE9;xico</subfield>
    <subfield code="9">28579</subfield>
  </datafield>
  <datafield tag="650" ind1=" " ind2=" ">
    <subfield code="a">Fotograf&#xED;as</subfield>
    <subfield code="x">Pandemia</subfield>
    <subfield code="x">COVID-19</subfield>
    <subfield code="y">2020</subfield>
    <subfield code="z">M&#xE9;xico</subfield>
    <subfield code="9">28580</subfield>
  </datafield>
  <datafield tag="650" ind1=" " ind2=" ">
    <subfield code="a">Fotograf&#xED;a</subfield>
    <subfield code="x">Hospitales</subfield>
    <subfield code="x">M&#xE9;dicos</subfield>
    <subfield code="z">M&#xE9;xico</subfield>
    <subfield code="9">28581</subfield>
  </datafield>
  <datafield tag="700" ind1=" " ind2=" ">
    <subfield code="a">Risco, Javier</subfield>
    <subfield code="e">pr&#xF3;logo</subfield>
    <subfield code="9">28582</subfield>
  </datafield>
  <datafield tag="700" ind1=" " ind2=" ">
    <subfield code="a">Sol&#xF3;rzano, Javier</subfield>
    <subfield code="e">presentaci&#xF3;n</subfield>
    <subfield code="9">28583</subfield>
  </datafield>
  <datafield tag="942" ind1=" " ind2=" ">
    <subfield code="2">lcc</subfield>
    <subfield code="c">B</subfield>
  </datafield>
  <datafield tag="999" ind1=" " ind2=" ">
    <subfield code="c">10857</subfield>
    <subfield code="d">10857</subfield>
  </datafield>
  <datafield tag="952" ind1=" " ind2=" ">
    <subfield code="0">0</subfield>
    <subfield code="1">0</subfield>
    <subfield code="2">lcc</subfield>
    <subfield code="4">0</subfield>
    <subfield code="7">0</subfield>
    <subfield code="a">BRCA</subfield>
    <subfield code="b">BRCA</subfield>
    <subfield code="d">2022-09-30</subfield>
    <subfield code="l">0</subfield>
    <subfield code="o">TR820.5 M33 2021</subfield>
    <subfield code="p">CONT10031</subfield>
    <subfield code="r">2022-09-30 00:00:00</subfield>
    <subfield code="w">2022-09-30</subfield>
    <subfield code="y">B</subfield>
  </datafield>
</record>
